Woman of disadvantaged groups: Status and empowerment (Essays in honour of Prof. K S Chalam) (Record no. 160788)

MARC details
000 -LEADER
fixed length control field 00431nam a2200145Ia 4500
008 - FIXED-LENGTH DATA ELEMENTS--GENERAL INFORMATION
fixed length control field 230917s9999||||xx |||||||||||||| ||und||
040 ## - CATALOGING SOURCE
-- 202168
Original cataloging agency VIVEKANANDA LIBRARY
041 ## - Language
-- English
082 ## - DDC NUMBER
Classification number 301.412 R18W
100 ## - MAIN ENTRY--PERSONAL NAME
Personal name Rao, D Pulla
245 #0 - TITLE STATEMENT
Title Woman of disadvantaged groups: Status and empowerment (Essays in honour of Prof. K S Chalam)
260 ## - PUBLICATION, DISTRIBUTION, ETC. (IMPRINT)
Place of publication, distribution, etc New Delhi
Name of publisher, distributor, etc Serials Publications
Date of publication, distribution, etc 2011
300 ## - PHYSICAL DESCRIPTION
Pages xxx, 385 p.
942 ## - ADDED ENTRY ELEMENTS (KOHA)
Koha item type Books
Holdings
Withdrawn status Lost status Damaged status Not for loan Location (home branch) Sublocation or collection (holding branch) Date acquired Koha issues (times borrowed) Koha full call number Accession No. Koha date last seen Koha item type
        VIVEKANANDA LIBRARY VIVEKANANDA LIBRARY 30/08/2012   301.412 R18W 294568 17/09/2023 Books
© Designed and Maintained by Vivekananda Library, MDU Rohtak